000 00941nam a22003257a 4500
003 CHAP
005 20220329141333.0
008 971013s1979 r 00010 d
010 _a66612
011 _a67584
035 _a77054
040 _cCHAP
090 _aFolleto 12125y
110 _aUNISIST
_9116264
245 1 _aDirectrices sobre los centros de orientación
260 _aParís :
_bUNESCO,
_c1979
300 _a52 p.
490 _aPGI/79/WS/4
500 _a28-227
590 _aBATCH-UPD
_b10
_c20130110
_lUCH01
_h0456
590 _aBATCH-UPD
_b10
_c20130410
_lUCH01
_h0133
590 _aBATCH-UPD
_b10
_c20130914
_lUCH01
_h1912
590 _aCONVERSION
_b10
_c20130109
_lUCH01
_h1337
650 1 4 _aServicio de consulta (Bibliotecas)
_9105294
650 1 4 _aServicios de información.
_9105330
830 0 _aPGI/79/WS/4
_987751
901 _aBK
942 _cFOLL
949 _aFolleto 12125y
_bBC
_cFOLL
_d-29916
_eTS1
_i77054
_si
999 _c66612
_d66612